| 000 | 00494nam a22002057a 4500 | ||
|---|---|---|---|
| 003 | OSt | ||
| 008 | 251230b |||||||| |||| 00| 0 eng d | ||
| 082 |
_a632 _bB50I |
||
| 100 | _aBetterman Sohmat | ||
| 245 | _aInvestigations on Food and Root Rot of Barley | ||
| 260 |
_a.- Pusa, Samastipur _b: RAU _c, 1980 |
||
| 300 | _a66p. | ||
| 502 | _bM. Sc. | ||
| 650 | _aPlant Pathology | ||
| 650 | _aBarley | ||
| 650 | _aFoot and Root | ||
| 650 | _aThesis | ||
| 650 | _aM. Sc. | ||
| 942 |
_2ddc _cT |
||
| 999 |
_c49750 _d49750 |
||